[Event "Titled Tuesday intern op 16th Apr Early"]
[Site "Chess.com INT"]
[Date "2024.04.16"]
[Round "9"]
[White "Giri, Anish"]
[Black "Oparin, Grigoriy"]
[Result "1-0"]
[WhiteElo "2745"]
[BlackElo "2670"]
[PlyCount "135"]
[EventDate "2024.04.16"]
[EventType "swiss (blitz)"]
[EventRounds "11"]
[EventCountry "USA"]
[SourceTitle "CB17_2024"]
[SourceDate "2024.04.24"]
[SourceVersion "1"]
[SourceVersionDate "2024.04.24"]
[SourceQuality "1"]

1. Nf3 Nf6 2. c4 e6 3. g3 d5 4. Bg2 dxc4 5. Qa4+ Bd7 6. Qxc4 c5 7. Ne5 Qc8 8. Qd3 Nc6 9. Nxd7 Nxd7 10. b3 Be7 11. Bb2 0-0 12. Nc3 Rd8 13. Rc1 Nf6 14. Qb1 Qd7 15. d3 Rac8 16. 0-0 h6 17. Rfd1 b6 18. e3 Nd5 19. Rd2 Nxc3 20. Bxc3 Bf8 21. Qa1 Ne7 22. Bb2 b5 23. Be4 Nd5 24. Qb1 a6 25. d4 c4 26. bxc4 Rxc4 27. Rdc2 Rdc8 28. Bd3 Rxc2 29. Rxc2 Rxc2 30. Bxc2 Qc7 31. Bb3 Nb6 32. Qc2 Nc4 33. h4 Qc6 34. a4 Bb4 35. axb5 axb5 36. Bc1 Bf8 37. e4 Qb7 38. Qd3 h5 39. Bf4 g6 40. d5 exd5 41. exd5 Nd6 42. Qc2 Qd7 43. Kg2 Qf5 44. Qxf5 Nxf5 45. Bc2 Nd6 46. Kf3 Be7 47. Ke3 b4 48. Kd3 Kf8 49. Bh6+ Ke8 50. Ba4+ Kd8 51. Bd2 Nb7 52. Kc4 Nd6+ 53. Kb3 Ne4 54. Be3 Bc5 55. Bxc5 Nxc5+ 56. Kxb4 Nd3+ 57. Kc4 Nxf2 58. Kd4 Nh1 59. Ke5 Nxg3 60. Kf6 Ne4+ 61. Kxf7 g5 62. Bc2 Nd6+ 63. Ke6 Nb5 64. hxg5 Nd4+ 65. Kf7 Nxc2 66. g6 Nd4 67. g7 Kd7 68. g8Q 1-0

[Event "American Cup Blitz"]
[Site "Saint Louis"]
[Date "2024.03.21"]
[Round "6"]
[White "Durarbayli, Vasif"]
[Black "Oparin, Grigoriy"]
[Result "0-1"]
[WhiteElo "2627"]
[BlackElo "2671"]
[PlyCount "88"]
[EventDate "2024.03.21"]
[EventType "swiss (blitz)"]
[EventRounds "7"]
[EventCountry "USA"]
[SourceTitle "CB13_2024"]
[SourceDate "2024.03.27"]
[SourceVersion "1"]
[SourceVersionDate "2024.03.27"]
[SourceQuality "1"]

1. e4 c5 2. Nf3 d6 3. d4 cxd4 4. Nxd4 Nf6 5. Nc3 Nc6 6. Bg5 e6 7. Qd2 a6 8. 0-0-0 Bd7 9. Kb1 Nxd4 10. Qxd4 Be7 11. f4 Bc6 12. Be2 h6 13. Bh4 0-0 14. Bf3 Nxe4 15. Bxe4 Bxh4 16. Bxc6 bxc6 17. Qxd6 Qa5 18. g3 Rfd8 19. Qxc6 Bf6 20. Ne4 Be7 21. Rxd8+ Rxd8 22. Nc3 Bf6 23. Ne4 Be7 24. Nc3 Rb8 25. b3 Rd8 26. Rd1 Rxd1+ 27. Nxd1 Qd2 28. Qa8+ Bf8 29. Qf3 Qxh2 30. Kb2 g5 31. fxg5 hxg5 32. Ne3 Bg7+ 33. Ka3 Qd2 34. Qa8+ Kh7 35. Qh1+ Kg8 36. Qe4 Qa5+ 37. Qa4 Qc5+ 38. Qb4 Qxe3 39. Qb8+ Bf8+ 40. Kb2 Qd4+ 41. Kb1 e5 42. Qa8 e4 43. Qxa6 e3 44. Qe2 Bg7 0-1

[Event "American Cup Blitz"]
[Site "Saint Louis"]
[Date "2024.03.21"]
[Round "1"]
[White "Oparin, Grigoriy"]
[Black "Paikidze, Nazi"]
[Result "1-0"]
[WhiteElo "2671"]
[BlackElo "2319"]
[PlyCount "49"]
[EventDate "2024.03.21"]
[EventType "swiss (blitz)"]
[EventRounds "7"]
[EventCountry "USA"]
[SourceTitle "CB13_2024"]
[SourceDate "2024.03.27"]
[SourceVersion "1"]
[SourceVersionDate "2024.03.27"]
[SourceQuality "1"]

1. d4 Nf6 2. Nc3 d5 3. Bf4 a6 4. e3 g6 5. h4 h5 6. Nf3 Bg7 7. Ne5 Bf5 8. f3 Nbd7 9. Qe2 Nb6 10. 0-0-0 0-0 11. g4 hxg4 12. fxg4 Be4 13. Nxe4 Nxe4 14. Bg2 Nd7 15. g5 Nxe5 16. dxe5 Nc5 17. Rxd5 Qc8 18. Rxc5 Qe6 19. Kb1 Rad8 20. a3 c6 21. h5 Qf5 22. hxg6 fxg6 23. Bh3 Qf7 24. e6 Qe8 25. Qh2 1-0

[Event "American Cup Blitz"]
[Site "Saint Louis"]
[Date "2024.03.21"]
[Round "7"]
[White "Oparin, Grigoriy"]
[Black "Sevian, Samuel"]
[Result "1/2-1/2"]
[WhiteElo "2671"]
[BlackElo "2697"]
[PlyCount "77"]
[EventDate "2024.03.21"]
[EventType "swiss (blitz)"]
[EventRounds "7"]
[EventCountry "USA"]
[SourceTitle "CB13_2024"]
[SourceDate "2024.03.27"]
[SourceVersion "1"]
[SourceVersionDate "2024.03.27"]
[SourceQuality "1"]

1. d4 Nf6 2. c4 e6 3. Nf3 d5 4. g3 Bb4+ 5. Nbd2 dxc4 6. Bg2 b5 7. 0-0 Bb7 8. Nxc4 0-0 9. Nce5 Be7 10. Bg5 Nbd7 11. Nxd7 Nxd7 12. Bxe7 Qxe7 13. Qc2 c5 14. Ng5 Qxg5 15. Bxb7 Rad8 16. h4 Qe7 17. dxc5 Nxc5 18. Bf3 Nd7 19. a4 bxa4 20. Qxa4 Ne5 21. Qxa7 Nxf3+ 22. exf3 Qf6 23. Qa3 Rb8 24. b4 Rb5 25. Rab1 Rfb8 26. Rb3 h5 27. f4 Qd4 28. Rfb1 g6 29. Qb2 Rd5 30. Qxd4 Rxd4 31. b5 Rb6 32. Kf1 Rd5 33. Ke2 Kg7 34. Ke3 Kf6 35. Rb4 Ke7 36. R1b3 Kf6 37. Rb1 Ke7 38. R1b3 Kf6 39. Rb1 1/2-1/2

[Event "American Cup Champ"]
[Site "Saint Louis"]
[Date "2024.03.13"]
[Round "1.2"]
[White "Oparin, Grigoriy"]
[Black "Caruana, Fabiano"]
[Result "0-1"]
[WhiteElo "2671"]
[BlackElo "2804"]
[PlyCount "88"]
[EventDate "2024.03.12"]
[EventType "k.o."]
[EventRounds "3"]
[EventCountry "USA"]
[SourceTitle "CB12_2024"]
[SourceDate "2023.10.01"]
[SourceVersion "1"]
[SourceVersionDate "2023.10.01"]
[SourceQuality "1"]

1. d4 d5 2. Nf3 Nf6 3. g3 Bf5 4. Nh4 Bg6 5. Bg2 c6 6. 0-0 Nbd7 7. Nxg6 hxg6 8. c4 dxc4 9. Qc2 e5 10. Rd1 exd4 11. Rxd4 Bc5 12. Rxc4 Bb6 13. Bg5 Ne5 14. Rf4 Qc7 15. Nc3 Nh7 16. Rh4 0-0 17. Bf4 Qe7 18. Na4 Rfe8 19. Rd1 Nf6 20. Nxb6 axb6 21. a4 Qc5 22. Qxc5 bxc5 23. h3 Ned7 24. Be3 Nb6 25. b3 Rxe3 26. fxe3 g5 27. Re4 Nxe4 28. Bxe4 g6 29. Bd3 Kg7 30. Rc1 Nd7 31. Kf2 Kf6 32. Be4 Ke7 33. Bf3 Rh8 34. e4 Kd6 35. Rd1+ Kc7 36. Rc1 Kb6 37. a5+ Kb5 38. a6 bxa6 39. e3 Ne5 40. Be2+ Kb4 41. Ra1 Rxh3 42. Rxa6 Kxb3 43. Ra5 Kb4 44. Ra7 c4 0-1

[Event "Titled Tuesday intern op 06th Feb Late"]
[Site "Chess.com INT"]
[Date "2024.02.06"]
[Round "5"]
[White "Caspi, Israel"]
[Black "Oparin, Grigoriy"]
[Result "1/2-1/2"]
[WhiteElo "2471"]
[BlackElo "2671"]
[PlyCount "180"]
[EventDate "2024.02.06"]
[EventType "swiss (blitz)"]
[EventRounds "11"]
[EventCountry "USA"]
[SourceTitle "CB07_2024"]
[SourceDate "2024.02.14"]
[SourceVersion "1"]
[SourceVersionDate "2024.02.14"]
[SourceQuality "1"]

1. d4 a6 2. e4 c6 3. Bd3 d5 4. e5 c5 5. c3 Nc6 6. Ne2 Bg4 7. f3 Bh5 8. Nf4 Bg6 9. Bxg6 hxg6 10. e6 cxd4 11. cxd4 Qd6 12. Nc3 fxe6 13. Nxg6 Rh7 14. Bf4 Qb4 15. Be3 Kf7 16. Nf4 Qd6 17. Qd3 Nf6 18. 0-0-0 Kg8 19. Kb1 e5 20. dxe5 Nxe5 21. Qf5 Nc4 22. Nfxd5 Nxd5 23. Nxd5 e6 24. Nf6+ gxf6 25. Qg4+ Rg7 26. Qxc4 Qc6 27. Qxc6 bxc6 28. g4 Rb8 29. Rd2 a5 30. h4 a4 31. h5 Rgb7 32. Rc1 Ba3 33. Rcc2 e5 34. Kc1 Bb4 35. Rd3 Be7 36. Rdd2 Rc8 37. Rc4 a3 38. b3 Kf7 39. Rdc2 f5 40. Rxc6 Rg8 41. Rc7 Rxc7 42. Rxc7 Ke6 43. Rc6+ Kd5 44. Rg6 Rc8+ 45. Kd1 fxg4 46. fxg4 Ke4 47. Bd2 Kf3 48. g5 Rd8 49. Kc2 Rc8+ 50. Kb1 Rd8 51. Bc1 e4 52. Re6 Bb4 53. g6 Rd1 54. Kc2 Rg1 55. h6 Rg2+ 56. Kd1 Rg1+ 57. Kc2 Rg2+ 58. Kb1 Rg1 59. h7 Bc3 60. Rc6 Bb2 61. Rc2 e3 62. Rxb2 axb2 63. Kxb2 e2 64. h8Q e1Q 65. Qf8+ Kg4 66. Qc8+ Kh5 67. Qf5+ Kh4 68. Qf4+ Kh3 69. g7 Rxg7 70. Qh6+ Qh4 71. Qxg7 Qf2+ 72. Ka3 Qc5+ 73. Kb2 Qf2+ 74. Kb1 Qf5+ 75. Ka1 Qc2 76. Qb2 Qd3 77. a4 Qd6 78. Ka2 Qd5 79. Qa3 Kg2 80. Qb2+ Kh1 81. Ka3 Qc5+ 82. b4 Qc4 83. b5 Qc5+ 84. Ka2 Qc4+ 85. Ka1 Qxa4+ 86. Kb1 Qe4+ 87. Ka2 Qa4+ 88. Kb1 Qe4+ 89. Qc2 Qb4+ 90. Qb2 Qe4+ 1/2-1/2

[Event "Titled Tuesday intern op 06th Feb Early"]
[Site "Chess.com INT"]
[Date "2024.02.06"]
[Round "4"]
[White "Munoz, Francisco Javier"]
[Black "Oparin, Grigoriy"]
[Result "1-0"]
[WhiteElo "2389"]
[BlackElo "2671"]
[PlyCount "73"]
[EventDate "2024.02.06"]
[EventType "swiss (blitz)"]
[EventRounds "11"]
[EventCountry "USA"]
[SourceTitle "CB07_2024"]
[SourceDate "2024.02.14"]
[SourceVersion "1"]
[SourceVersionDate "2024.02.14"]
[SourceQuality "1"]

1. e4 a6 2. d4 c6 3. Nc3 d5 4. exd5 cxd5 5. Bf4 Nc6 6. h3 Nf6 7. g4 e6 8. Nge2 Qb6 9. Bg2 Qxb2 10. 0-0 Qb6 11. Rb1 Qd8 12. Ng3 Bd6 13. Bxd6 Qxd6 14. g5 Ng8 15. f4 Nge7 16. Nce2 g6 17. a4 h6 18. h4 hxg5 19. hxg5 Qc7 20. Qd3 Bd7 21. c4 Na5 22. cxd5 Nxd5 23. Bxd5 exd5 24. Qe3+ Kf8 25. f5 Nc4 26. Qf4 Qxf4 27. Nxf4 Nd2 28. Rxb7 Nxf1 29. Kxf1 Bxf5 30. Nxf5 gxf5 31. g6 Rh4 32. Rxf7+ Kg8 33. Nxd5 Kh8 34. Nf6 Rg8 35. g7+ Rxg7 36. Rf8+ Rg8 37. Rxg8# 1-0

[Event "Titled Tuesday intern op 06th Feb Late"]
[Site "Chess.com INT"]
[Date "2024.02.06"]
[Round "3"]
[White "Oparin, Grigoriy"]
[Black "Ferey, Antonin"]
[Result "1-0"]
[WhiteElo "2671"]
[BlackElo "2190"]
[PlyCount "83"]
[EventDate "2024.02.06"]
[EventType "swiss (blitz)"]
[EventRounds "11"]
[EventCountry "USA"]
[SourceTitle "CB07_2024"]
[SourceDate "2024.02.14"]
[SourceVersion "1"]
[SourceVersionDate "2024.02.14"]
[SourceQuality "1"]

1. a3 e5 2. c4 Nf6 3. Nc3 d5 4. cxd5 Nxd5 5. e3 Be7 6. Nf3 Nxc3 7. bxc3 Nd7 8. d4 Bd6 9. Bd3 0-0 10. 0-0 c6 11. e4 Qe7 12. Re1 f6 13. a4 a5 14. Rb1 Kh8 15. Nh4 g6 16. Bh6 Re8 17. Qf3 Nf8 18. Bc2 Ne6 19. Rbd1 b5 20. Bb3 exd4 21. cxd4 Bb4 22. Re3 Bb7 23. d5 Nc5 24. Bc2 Qf7 25. e5 cxd5 26. exf6 Rxe3 27. Bg7+ Kg8 28. Qxe3 Re8 29. Qh6 Ne4 30. h3 Rc8 31. Bxe4 dxe4 32. axb5 a4 33. Qe3 a3 34. Nxg6 Qxg6 35. Qb3+ Qf7 36. Qxb4 a2 37. Qb2 Bd5 38. b6 Rb8 39. Bh6 Qg6 40. Be3 Kf7 41. Rxd5 Qxf6 42. Rd7+ 1-0

[Event "Titled Tuesday intern op 06th Feb Early"]
[Site "Chess.com INT"]
[Date "2024.02.06"]
[Round "2"]
[White "Oparin, Grigoriy"]
[Black "Laddha, Shubh Jayesh"]
[Result "1-0"]
[WhiteElo "2671"]
[BlackElo "2324"]
[PlyCount "93"]
[EventDate "2024.02.06"]
[EventType "swiss (blitz)"]
[EventRounds "11"]
[EventCountry "USA"]
[SourceTitle "CB07_2024"]
[SourceDate "2024.02.14"]
[SourceVersion "1"]
[SourceVersionDate "2024.02.14"]
[SourceQuality "1"]

1. a3 Nf6 2. c4 g6 3. b4 Bg7 4. Bb2 0-0 5. Nf3 b6 6. g3 Bb7 7. Bg2 a5 8. b5 d6 9. 0-0 e5 10. Nc3 Nbd7 11. d3 Nc5 12. a4 Nh5 13. Ba3 f5 14. Rc1 Kh8 15. Nd2 Bxg2 16. Kxg2 f4 17. Bxc5 bxc5 18. Nde4 Qd7 19. f3 Nf6 20. Nxf6 Rxf6 21. Ne4 Rf7 22. Qd2 h6 23. Rb1 Qd8 24. Rb3 g5 25. g4 Bf8 26. Rfb1 d5 27. cxd5 Qxd5 28. b6 cxb6 29. Rxb6 c4 30. R1b5 Qd4 31. dxc4 Qxc4 32. Rxe5 Qxa4 33. Ree6 Qc4 34. Qb2+ Kg8 35. Nf6+ Kh8 36. Nh5+ Kg8 37. Rxh6 Bg7 38. Nxg7 Rxg7 39. Rhg6 Raa7 40. Qe5 a4 41. Rb8+ Kh7 42. Rxg7+ Rxg7 43. Qf5+ Rg6 44. Rb7+ Kh8 45. Qf8+ Qg8 46. Qb4 a3 47. Rb8 1-0

[Event "Titled Tuesday intern op 06th Feb Early"]
[Site "Chess.com INT"]
[Date "2024.02.06"]
[Round "1"]
[White "Shvedova, Alexandra"]
[Black "Oparin, Grigoriy"]
[Result "1/2-1/2"]
[WhiteElo "2213"]
[BlackElo "2671"]
[PlyCount "128"]
[EventDate "2024.02.06"]
[EventType "swiss (blitz)"]
[EventRounds "11"]
[EventCountry "USA"]
[SourceTitle "CB07_2024"]
[SourceDate "2024.02.14"]
[SourceVersion "1"]
[SourceVersionDate "2024.02.14"]
[SourceQuality "1"]

1. e4 a6 2. d4 c6 3. a4 d5 4. Nc3 dxe4 5. Nxe4 Bf5 6. Ng3 Bg6 7. Nf3 Nd7 8. h4 h6 9. h5 Bh7 10. Bd3 Bxd3 11. Qxd3 e6 12. Bf4 Ngf6 13. c3 Nd5 14. Bd2 Qc7 15. 0-0 Be7 16. b4 a5 17. b5 c5 18. Ne4 0-0 19. Rfe1 cxd4 20. Nxd4 Nc5 21. Nxc5 Bxc5 22. Qf3 Bxd4 23. cxd4 Rfc8 24. Qg4 Kh8 25. Rac1 Qd8 26. Qf3 Kg8 27. Qg4 Nf6 28. Qh4 Kh7 29. Be3 Rxc1 30. Rxc1 Rc8 31. Rxc8 Qxc8 32. Kh2 Qc2 33. d5 Nxd5 34. Ba7 b6 35. Bb8 Qf5 36. Bd6 e5 37. Kg1 e4 38. Kh2 Qe6 39. Bg3 f5 40. Bf4 Nf6 41. Be3 Qf7 42. Bxb6 Nd5 43. Be3 f4 44. Bd4 Qe6 45. b6 Qd7 46. Qh3 Qf7 47. Qg4 Kg8 48. Qg6 Qb7 49. Qxg7+ Qxg7 50. Bxg7 Nxb6 51. Bxh6 f3 52. Be3 Nxa4 53. gxf3 exf3 54. Kg3 Nb2 55. Kxf3 a4 56. Bc5 Nc4 57. Kg4 a3 58. Bxa3 Nxa3 59. f4 Nc4 60. f5 Ne3+ 61. Kg5 Nxf5 62. Kxf5 Kh7 63. h6 Kh8 64. h7 Kxh7 1/2-1/2

[Event "Titled Tuesday intern op 06th Feb Early"]
[Site "Chess.com INT"]
[Date "2024.02.06"]
[Round "6"]
[White "Tarhan, Adar"]
[Black "Oparin, Grigoriy"]
[Result "0-1"]
[WhiteElo "2415"]
[BlackElo "2671"]
[PlyCount "104"]
[EventDate "2024.02.06"]
[EventType "swiss (blitz)"]
[EventRounds "11"]
[EventCountry "USA"]
[SourceTitle "CB07_2024"]
[SourceDate "2024.02.14"]
[SourceVersion "1"]
[SourceVersionDate "2024.02.14"]
[SourceQuality "1"]

1. Nf3 a6 2. e4 c5 3. c3 e6 4. d4 d5 5. exd5 Qxd5 6. Be3 Nf6 7. Nbd2 cxd4 8. Nxd4 Be7 9. Qf3 0-0 10. Bc4 Qd7 11. Bf4 Nc6 12. Nxc6 bxc6 13. Rd1 Bb7 14. Ne4 Nd5 15. 0-0 Rad8 16. Bb3 Qc8 17. Bg3 c5 18. Qe2 f5 19. c4 fxe4 20. cxd5 Bxd5 21. Bc4 Qc6 22. b3 a5 23. Be5 Rf5 24. Bc3 Rdf8 25. Bxa5 Bh4 26. g3 Bf6 27. Bd2 Bd4 28. Be3 e5 29. Bxd4 exd4 30. Qxe4 Kh8 31. Bxd5 Rxd5 32. Rde1 h6 33. Rc1 d3 34. Rfd1 Qd6 35. Rc3 d2 36. Rc2 Re5 37. Qg4 Re1+ 38. Kg2 Qd5+ 39. Kh3 Rxd1 40. Qxd1 Rd8 41. f3 Qf5+ 42. Kg2 Qxc2 43. Qxc2 d1Q 44. Qxc5 Rd2+ 45. Kh3 Qxf3 46. Qc8+ Kh7 47. Qe6 Qd3 48. Qe5 Rxa2 49. b4 Qg6 50. b5 Rc2 51. b6 Qxb6 52. Kg4 Qg6+ 0-1

[Event "Chessable Masters Play In"]
[Site "Chess.com INT"]
[Date "2024.01.31"]
[Round "8"]
[White "Aronian, Levon"]
[Black "Oparin, Grigoriy"]
[Result "1-0"]
[WhiteElo "2725"]
[BlackElo "2664"]
[PlyCount "143"]
[EventDate "2024.01.31"]
[EventType "swiss (rapid)"]
[EventRounds "9"]
[EventCountry "USA"]
[SourceTitle "CB06_2024"]
[SourceDate "2024.02.07"]
[SourceVersion "1"]
[SourceVersionDate "2024.02.07"]
[SourceQuality "1"]

1. e4 c5 2. Nf3 Nc6 3. Bb5 d6 4. 0-0 Bd7 5. Re1 a6 6. Bf1 Bg4 7. h3 Bxf3 8. Qxf3 Nf6 9. Qd1 e6 10. d3 Be7 11. Nd2 0-0 12. Nf3 d5 13. e5 Nd7 14. g3 b5 15. h4 a5 16. a4 bxa4 17. Rxa4 d4 18. Bg2 Qc7 19. Bf4 Rab8 20. b3 Nb6 21. Ra1 Nd5 22. Qc1 Nxf4 23. Qxf4 Nb4 24. Qc1 Ra8 25. Nd2 Ra7 26. Nc4 Nd5 27. Ra3 Nc3 28. Qf4 Rb8 29. Kh2 Nd5 30. Qd2 Nb4 31. Rea1 Rb5 32. Be4 Bd8 33. Kg2 Qe7 34. h5 Bc7 35. Qe2 Qd8 36. f4 Nd5 37. Bxd5 exd5 38. Nd2 Ra6 39. Qg4 Rb8 40. Nf3 Qc8 41. f5 Qd7 42. Re1 Re8 43. Raa1 h6 44. Re2 Bd8 45. Rae1 Qc8 46. e6 fxe6 47. fxe6 Bf6 48. Qf5 Qd8 49. Nh2 Rf8 50. Qg6 Qe7 51. Ng4 Kh8 52. Qf5 Bg5 53. Qxd5 Be3 54. Ne5 Rxe6 55. Ng6+ Rxg6 56. hxg6 Qf6 57. Qe4 Kg8 58. Rh1 Kh8 59. Ra1 Kg8 60. Kh2 Kh8 61. Qg4 Qb6 62. Rae1 Qf6 63. Ra1 Qb6 64. Rg2 Kg8 65. Kh1 Kh8 66. Kh2 Kg8 67. Qh5 Kh8 68. Re2 Qf6 69. Rxa5 Qf1 70. Rg2 Bg1+ 71. Rxg1 Rf2+ 72. Kh1 1-0

[Event "Chessable Masters Play In"]
[Site "Chess.com INT"]
[Date "2024.01.31"]
[Round "4"]
[White "Oparin, Grigoriy"]
[Black "Nakamura, Hikaru"]
[Result "1/2-1/2"]
[WhiteElo "2664"]
[BlackElo "2788"]
[PlyCount "69"]
[EventDate "2024.01.31"]
[EventType "swiss (rapid)"]
[EventRounds "9"]
[EventCountry "USA"]
[SourceTitle "CB06_2024"]
[SourceDate "2024.02.07"]
[SourceVersion "1"]
[SourceVersionDate "2024.02.07"]
[SourceQuality "1"]

1. e4 e5 2. Nf3 Nc6 3. Bb5 a6 4. Ba4 Nf6 5. 0-0 b5 6. Bb3 Bc5 7. c3 d6 8. d4 Bb6 9. h3 h6 10. Re1 0-0 11. Be3 Re8 12. Nbd2 Na5 13. Bc2 c5 14. b3 cxd4 15. cxd4 Nc6 16. Nf1 Bb7 17. Ng3 d5 18. dxe5 Nxe5 19. Nxe5 Rxe5 20. Bd4 Re6 21. e5 Ne4 22. Nxe4 Bxd4 23. Qxd4 dxe4 24. Qxd8+ Rxd8 25. Bxe4 Bxe4 26. Rxe4 Rd2 27. a4 Rd3 28. axb5 axb5 29. Ra8+ Kh7 30. Rf4 Re7 31. Rf8 Rdd7 32. g3 g5 33. Re4 Kg7 34. Rb8 Rd5 35. e6 1/2-1/2

[Event "Titled Tuesday intern op 16th Jan Late"]
[Site "Chess.com INT"]
[Date "2024.01.16"]
[Round "7"]
[White "Oparin, Grigoriy"]
[Black "Alekseenko, Kirill"]
[Result "0-1"]
[WhiteElo "2664"]
[BlackElo "2650"]
[PlyCount "108"]
[EventDate "2024.01.16"]
[EventType "swiss (blitz)"]
[EventRounds "11"]
[EventCountry "USA"]
[SourceTitle "CB04_2024"]
[SourceDate "2023.10.16"]
[SourceVersion "1"]
[SourceVersionDate "2023.10.16"]
[SourceQuality "1"]

1. Nf3 d5 2. e3 b6 3. c4 dxc4 4. Bxc4 e6 5. b3 Bb7 6. Bb2 Nf6 7. 0-0 Nbd7 8. Nc3 Be7 9. Qe2 0-0 10. d4 a6 11. Rfd1 b5 12. Bd3 c5 13. dxc5 Bxc5 14. Rac1 Qe7 15. Ng5 Rfd8 16. Nce4 Nxe4 17. Nxe4 Rac8 18. Qh5 f5 19. Nxc5 Nxc5 20. Bf1 Ne4 21. Rxc8 Rxc8 22. Be5 Bd5 23. f3 Nc3 24. Rd2 a5 25. Qh3 b4 26. Qg3 h6 27. h4 Kh7 28. Qf4 g5 29. hxg5 Qxg5 30. Qd4 Qe7 31. Qb6 Rg8 32. Qxa5 Bxf3 33. Bxc3 bxc3 34. Qxc3 Bd5 35. Qe5 Qg5 36. b4 Rg7 37. b5 Qd8 38. a4 Qa5 39. Rd4 Qe1 40. Rxd5 exd5 41. Qxf5+ Kh8 42. Qf4 Qb1 43. Qxh6+ Kg8 44. Qe6+ Kh7 45. Qxd5 Kh6 46. Qd6+ Rg6 47. Qf4+ Kg7 48. Qc7+ Kh6 49. Qf4+ Kg7 50. Qd4+ Rf6 51. Qd3 Qb4 52. Qd4 Qe1 53. Qd3 Qf2+ 54. Kh2 Rh6# 0-1

[Event "Pan American Intercollegiate-chT"]
[Site "McAllen"]
[Date "2024.01.06"]
[Round "5.1"]
[White "Oparin, Grigoriy"]
[Black "Schitco, Ivan"]
[Result "1/2-1/2"]
[WhiteElo "2664"]
[BlackElo "2521"]
[PlyCount "94"]
[EventDate "2024.01.04"]
[EventType "team-swiss"]
[EventRounds "6"]
[EventCountry "USA"]
[SourceTitle "CB02_2024"]
[SourceDate "2024.01.10"]
[SourceVersion "1"]
[SourceVersionDate "2024.01.10"]
[SourceQuality "1"]
[WhiteTeam "Missouri Univ"]
[BlackTeam "Texas Dallas Univ II"]
[WhiteTeamCountry "USA"]
[BlackTeamCountry "USA"]

1. e4 e5 2. Nf3 Nc6 3. Bc4 d6 4. 0-0 Be7 5. a4 Be6 6. d3 Nf6 7. Nc3 0-0 8. Re1 Bxc4 9. dxc4 a5 10. Nd5 Nxd5 11. cxd5 Nb8 12. Qd3 Qc8 13. b3 f5 14. Ba3 fxe4 15. Rxe4 Nd7 16. Rae1 Rf7 17. R4e2 Nf8 18. Bc1 Qd7 19. Re4 Ng6 20. Ng5 Bxg5 21. Bxg5 Raf8 22. f3 b6 23. Rg4 Rf5 24. Bd2 Qf7 25. Rg5 Rxg5 26. Bxg5 h6 27. Be3 Ne7 28. c4 Qf6 29. Qe4 g5 30. Qg4 Nf5 31. Bf2 Kh7 32. Rf1 Qg6 33. Qe4 Ne7 34. Qxg6+ Kxg6 35. h3 Ng8 36. Be3 Nf6 37. g4 Nd7 38. Kf2 Nc5 39. Bxc5 bxc5 40. Re1 h5 41. Re4 hxg4 42. hxg4 Rh8 43. Kg2 Kf7 44. Re1 Kf6 45. Kg3 Rb8 46. Re3 Rh8 47. Re1 Rb8 1/2-1/2

[Event "Pan American Intercollegiate-chT"]
[Site "McAllen"]
[Date "2024.01.05"]
[Round "2.9"]
[White "Marek, Matyas"]
[Black "Oparin, Grigoriy"]
[Result "0-1"]
[WhiteElo "2340"]
[BlackElo "2664"]
[PlyCount "80"]
[EventDate "2024.01.04"]
[EventType "team-swiss"]
[EventRounds "6"]
[EventCountry "USA"]
[SourceTitle "CB02_2024"]
[SourceDate "2024.01.10"]
[SourceVersion "1"]
[SourceVersionDate "2024.01.10"]
[SourceQuality "1"]
[WhiteTeam "Maryland BC Univ"]
[BlackTeam "Missouri Univ"]
[WhiteTeamCountry "USA"]
[BlackTeamCountry "USA"]

1. e4 c5 2. Nf3 Nc6 3. Bb5 e5 4. 0-0 Bd6 5. c3 a6 6. Ba4 b5 7. Bb3 c4 8. Bc2 Nf6 9. d3 cxd3 10. Bxd3 0-0 11. a4 b4 12. Bg5 h6 13. Bh4 g5 14. Bg3 Qe7 15. Re1 Bc5 16. Nbd2 bxc3 17. bxc3 d6 18. Nc4 Be6 19. Ne3 Bxe3 20. Rxe3 Na5 21. Nd2 Nd7 22. Bf1 Nc5 23. Rb1 Rfb8 24. Rb4 Rb7 25. Qh5 Kg7 26. Re1 Rab8 27. Reb1 Nab3 28. Nxb3 Bxb3 29. a5 Rxb4 30. cxb4 Rxb4 31. f3 f5 32. Rc1 Bf7 33. Qh3 fxe4 34. fxe4 Nxe4 35. Qc8 Qa7+ 36. Kh1 Qe3 37. Be1 Rc4 38. Rxc4 Qxe1 39. Rc1 Nf2+ 40. Kg1 Qe3 0-1

[Event "North American op 33rd"]
[Site "Las Vegas"]
[Date "2023.12.26"]
[Round "2"]
[White "Saksham, Rautela"]
[Black "Oparin, Grigoriy"]
[Result "0-1"]
[WhiteElo "2320"]
[BlackElo "2667"]
[PlyCount "54"]
[EventDate "2023.12.26"]
[EventType "swiss"]
[EventRounds "9"]
[EventCountry "USA"]
[SourceTitle "CB01_2024"]
[SourceDate "2024.01.03"]
[SourceVersion "1"]
[SourceVersionDate "2024.01.03"]
[SourceQuality "1"]

1. e4 c5 2. Nf3 Nc6 3. d4 cxd4 4. Nxd4 Nf6 5. Nc3 e5 6. Ndb5 d6 7. Bg5 a6 8. Na3 b5 9. Nd5 Be7 10. Bxf6 Bxf6 11. c3 Ne7 12. Nxe7 Bxe7 13. Bd3 0-0 14. Nc2 Be6 15. 0-0 Qb6 16. Qe2 g6 17. Kh1 Bg5 18. Ne3 Bxe3 19. fxe3 Rfc8 20. Rf6 b4 21. c4 b3 22. a3 Ra7 23. Raf1 Qd8 24. Qd1 Rb7 25. Be2 Rc6 26. h3 Kg7 27. R6f2 a5 0-1

[Event "Saint Louis Winter Blitz"]
[Site "Saint Louis"]
[Date "2023.12.20"]
[Round "10.1"]
[White "Batsuren, Dambasuren"]
[Black "Oparin, Grigoriy"]
[Result "0-1"]
[WhiteElo "2523"]
[BlackElo "2667"]
[PlyCount "108"]
[EventDate "2023.12.20"]
[EventType "schev (blitz)"]
[EventRounds "12"]
[EventCountry "USA"]
[SourceTitle "CB52_2023"]
[SourceDate "2023.12.27"]
[SourceVersion "1"]
[SourceVersionDate "2023.12.27"]
[SourceQuality "1"]
[WhiteTeam "Team B"]
[BlackTeam "Team A"]
[WhiteTeamCountry "USA"]
[BlackTeamCountry "USA"]

1. Nf3 Nf6 2. c4 b6 3. g3 c5 4. Bg2 Bb7 5. 0-0 g6 6. b3 Bg7 7. Bb2 0-0 8. d4 e6 9. d5 exd5 10. Nh4 Re8 11. cxd5 d6 12. Re1 Nbd7 13. e4 b5 14. a4 a6 15. axb5 axb5 16. Rxa8 Qxa8 17. Nc3 Qa5 18. Qd2 Qb4 19. Rb1 h5 20. Qc2 Ne5 21. Nd1 Qe1+ 22. Bf1 Qxe4 23. Qxe4 Nxe4 24. Bxb5 Rb8 25. Ne3 Nd2 26. Bxe5 Bxe5 27. Rd1 Nxb3 28. Nc4 Nd4 29. Bc6 Nxc6 30. dxc6 Bxc6 31. Nxe5 dxe5 32. Rc1 c4 33. Kf1 Rb2 34. Ke1 Bd5 35. Rd1 c3 36. Rc1 Rb3 37. Ke2 Bc4+ 38. Ke3 Kg7 39. Nf3 f6 40. Ne1 f5 41. Nc2 Rb2 42. Na3 Re2+ 43. Kf3 e4+ 44. Kg2 Bd5 45. Kf1 Ra2 46. Rxc3 h4 47. gxh4 f4 48. Nb5 f3 49. Ke1 Re2+ 50. Kd1 Rxf2 51. Rc7+ Kf6 52. Nc3 Ke5 53. Rc5 Kd4 54. Rxd5+ Kxc3 0-1

[Event "Saint Louis Winter Blitz"]
[Site "Saint Louis"]
[Date "2023.12.20"]
[Round "8.1"]
[White "Oparin, Grigoriy"]
[Black "Akobian, Varuzhan"]
[Result "1-0"]
[WhiteElo "2667"]
[BlackElo "2576"]
[PlyCount "55"]
[EventDate "2023.12.20"]
[EventType "schev (blitz)"]
[EventRounds "12"]
[EventCountry "USA"]
[SourceTitle "CB52_2023"]
[SourceDate "2023.12.27"]
[SourceVersion "1"]
[SourceVersionDate "2023.12.27"]
[SourceQuality "1"]
[WhiteTeam "Team A"]
[BlackTeam "Team B"]
[WhiteTeamCountry "USA"]
[BlackTeamCountry "USA"]

1. e4 e6 2. d4 d5 3. Nc3 Bb4 4. e5 c5 5. a3 Ba5 6. Qg4 Ne7 7. Qxg7 Rg8 8. Qxh7 cxd4 9. b4 Bc7 10. Nb5 Bxe5 11. Nf3 Rh8 12. Qd3 f6 13. Nbxd4 Bxd4 14. Qxd4 e5 15. Qd2 Nbc6 16. Bb2 Bf5 17. Be2 Qc7 18. a4 0-0-0 19. a5 e4 20. Nd4 Rxh2 21. Rxh2 Qxh2 22. 0-0-0 Kb8 23. b5 Ne5 24. Qb4 Qh7 25. Ba3 Nc8 26. f4 exf3 27. gxf3 Bg6 28. f4 1-0